000 01358cam a2200337 i 4500
001 768714001
003 CO-MdFUSB
005 20250528100112.0
007 ta
008 250527t1998 -us||||| |||| 00| 0 eng d
020 _a1-57736-062-1
040 _cCO-MdFUSB
041 0 _aspa
082 0 4 _223
_a248.4
_bW513v
100 1 _aWesley, Juan (1703-1791)
_eautor
245 1 0 _aLa vida cristiana
_c/ Juan Wesley ; editor general Justo L. González ; editado por Hugo O. Ortega C. ; traducido por Nora Redaelli
264 1 _aFranklin, Tennessee :
_bProvidence Foundation,
_c[1998]
264 4 _c©1998
300 _a332 páginas
336 _atexto
_btxt
_2rdacontent
337 _2rdamedia
_asin mediación
_bn
338 _2rdacarrier
_avolumen
_bnc
505 _aGraves reflexiones motivadas por el reciente terremoto de Lisboa. -- Sinceras reflexiones sobre la presente situación de los asuntos públicos. -- Reflexiones sobre la libertad, el origen del poder, la esclavitud. -- Reflexiones sobre la presente escasez de comestibles. -- Apacibles palabras a nuestras colonias americanas.
563 _aPasta dura
650 0 _aVida cristiana
_919
700 _aGonzález, Justo L.
_910776
_eeditor general
700 _aHugo O. Ortega,
_911593
_eeditor
700 _aNora Redaelli,
_911594
_etraductor
942 _cBK
945 _aMiguel Gómez
999 _c42502
_d42502